LEADER 01024cam0 2200265 450 001 E600200055578 005 20211214102931.0 100 $a20091030d1983 |||||ita|0103 ba 101 $ager 102 $aDE 200 1 $aDie Philosophie des rechts$edie Mitschriften Wannenmann (Heidelberg 1817-18) und Homeyer (Berlin 1818-19)$fG. W. F. Hegel$ghrsg., eingeleitet und erläutert von Karl-Heinz Ilting 210 $aStuttgart$cKlett-Cotta$dc1983 215 $a399 p.$d23 cm 300 $aalro esempl in : 100 Heg 2800 b 700 1$aHegel$b, Georg Wilhelm Friedrich$3AF00005281$4070$0289533 702 1$aILTING, Karl-Heinz$3AF00020151$4070 801 0$aIT$bUNISOB$c20211214$gRICA 850 $aUNISOB 852 $aUNISOB$j100|Heg$m38677,38676 912 $aE600200055578 940 $aM 102 Monografia moderna SBN 941 $aM 957 $b2800$gSi$d38677,38676$racquisto$1massimo$2UNISOB$3UNISOB$420091030142606.0$520091030142633.0$6massimo$a100|Heg 996 $aDie Philosophie des Rechts$91588754 997 $aUNISOB